000
00304nam a2200133Ia 4500
008
231129s1973||||xx |||||||||||||| ||spa||
040
_b
spa
082
_a
Co861 L864s
100
_a
López Luis C.
245
0
_a
Sus versos
260
_c
1973
264
_a
Bogotá Colombia : Bedout
942
_2
ddc
_c
BKS
999
_c
24947
_d
24947